000 00739nam a2200253Ia 4500
003 OSt
005 20220928125343.0
006 a|||||r|||| 00| 0
007 ta
008 220927b |||||||| |||| 00| 0 eng d
020 _cINR 1495.00
024 _a143276
037 _b100, 16/03/2020, Excel Book International
_cTextual
040 _aSDCL
_cSDCL
_beng
041 _2eng
_aeng
082 _aY:1.2'P, Q6
100 _aPandey Vinita
_9469365
245 0 _aIndian society and culture
260 _aNew Delhi
_bRawat
_c2016
300 _axvii,606p.
_ccm.
650 _aPolitical Science
942 _hY:1.2'P, Q6
_cTEXL
_2CC
999 _c782022
_d782022